Statistiques concernant Surnoms Kimbo

Cliquez ici pour prendre le quiz!

Statistiques générales

  • Ce quiz a été pris 8 fois
    (4 depuis la dernière actualisation)
  • Le résultat moyen est 27 sur 146

Statistiques - réponses

HintRéponse% Correct
sexe un peu moins classiquekimbeuteu
100%
sexekimbite
100%
classiquekimbo
100%
sexe classiquebite
75%
couilleskimbaloche
75%
footballeurkimbappe
75%
moikimbaptiste
75%
magasinkimbar tabac
75%
capitalekimberlin
75%
smackkimbisous
75%
présidentkimblanc
75%
pougnettekimbranle
75%
courageuxkimbrave
75%
arrêt de métro ligne 2 paris | arrêt de métro ligne 4 pariskimbarbes rochechouart
50%
poupéekimbarbie
50%
chadkimbeau gosse
50%
fin du rapport de tpkimbibliographie
50%
payskimbielorussie
50%
louchekimbizarre
50%
générationkimblack blanc beurre
50%
bourrékimbleu métal
50%
bourrékimbleu mort
50%
gros filmkimblock buster
50%
payskimbolivie
50%
salutkimbonjour
50%
rappeurkimbooba
50%
felicitationkimbravo
50%
payskimbrésil
50%
capitalekimbruxelles
50%
pokemonkimbulbizarre
50%
payskimbulgarie
50%
capitalekimbagdad
25%
sexykimbaiseur
25%
sportkimballon
25%
racistekimbamboula
25%
villekimbarcelone
25%
zizikimbazouzou
25%
payskimbelgique
25%
payskimbelize
25%
arrêt de métro ligne 14 paris | arrêt de métro ligne 6 pariskimbercy
25%
capitalekimberne
25%
payskimbhoutan
25%
payskimbirmanie
25%
douleurkimblessure
25%
villekimbologne
25%
arrêt de métro ligne 8 paris | arrêt de métro ligne 9 pariskimbonne nouvelle
25%
payskimbosnie
25%
payskimbotswana
25%
racistekimbougnoule
25%
insectekimbourdon
25%
ambulancekimbrancard
25%
capitalekimbrazzaville
25%
payskimbrunei
25%
capitalekimbuenos aires
25%
payskimburkina
25%
présidentkimbush
25%
abeillekimbzzbzz
25%
enfantkimbabar
0%
sorcierekimbaba yaga
0%
acteurkimbacri
0%
acteurkimbaer
0%
footballeurkimbafetimi gomis
0%
nouvelleskimbah alors ca va ? ca fait longtemps qu'on s'etait pas croise oui oui la petite rentre en primaire allez je suis presse embrasse ta femme pour moi
0%
payskimbahamas
0%
payskimbahrein
0%
footballeurkimbakayoko
0%
capitalekimbakou
0%
arrêt de métro ligne 8 pariskimbalard
0%
villekimbali
0%
villekimbaltimore
0%
capitalekimbamako
0%
capitalekimbandar seri begawan
0%
capitalekimbangkok
0%
payskimbangladesh
0%
capitalekimbangui
0%
capitalekimbanjul
0%
présidentkimbarack obama
0%
chancekimbaraka
0%
payskimbarbade
0%
enfantkimbarbapapa
0%
arrêt de métro ligne 4 pariskimbarbara
0%
arrêt de métro ligne 13 pariskimbasilique de saint denis
0%
capitalekimbasse terre
0%
lieukimbassin d'arcachon
0%
footballeurkimbastian schwensteiger
0%
arrêt de métro ligne 1 paris | arrêt de métro ligne 5 paris | arrêt de métro ligne 8 pariskimbastille
0%
méchantkimbatard
0%
catcheurkimbatistau
0%
hommekimbavon
0%
villekimbeauvais
0%
actricekimbekhti
0%
capitalekimbelgrade
0%
arrêt de métro ligne 11 paris | arrêt de métro ligne 2 pariskimbelleville
0%
actricekimbellucci
0%
capitalekimbelmopan
0%
footballeurkimbemba
0%
acteurkimbenjamin laverne
0%
footballeurkimbenjamin lecompte
0%
footballeurkimbenteke
0%
arrêt de métro ligne 1 pariskimberault
0%
actricekimberenice bejo
0%
realisateurkimbesson
0%
debilekimbéta
0%
capitalekimbeyrouth
0%
animalkimbiche
0%
capitalekimbichkek
0%
entraineurkimbielsa
0%
arrêt de métro ligne 9 pariskimbillancourt
0%
arrêt de métro ligne 6 pariskimbir hakeim
0%
je sais pas l'écrire y a surement une fautekimbismillah
0%
capitalekimbissau
0%
parlotekimblabla
0%
rappeurkimblack m
0%
footballeurkimblaise matuidi
0%
scientifiquekimblaise pascal
0%
arrêt de métro ligne 2 pariskimblanche
0%
arrêt de métro ligne 5 pariskimbobigny pablo picasso
0%
arrêt de métro ligne 5 pariskimbobigny pantin
0%
footballeurkimbogossian
0%
arrêt de métro ligne 6 pariskimboissiere
0%
arrêt de métro ligne 7bis pariskimbolivar
0%
arrêt de métro ligne 7bis pariskimbotzaris
0%
footballeurkimboubacar kamara
0%
arrêt de métro ligne 10 pariskimboulogne jean jaures
0%
arrêt de métro ligne 8 pariskimbouricault
0%
arrêt de métro ligne 3 pariskimbourse
0%
capitalekimbrasilia
0%
capitalekimbratislava
0%
pokemonkimbrazegali
0%
arrêt de métro ligne 5 pariskimbreguet sabin
0%
villekimbrest
0%
footballeurkimbrice samba
0%
capitalekimbridgetown
0%
arrêt de métro ligne 13 pariskimbrochant
0%
pokemonkimbroutiflore
0%
capitalekimbucarest
0%
capitalekimbudapest
0%
payskimburundi
0%
arrêt de métro ligne 7bis pariskimbuttes chaumont
0%
arrêt de métro ligne 9 pariskimbuzenval
0%

Distribution des résultats

Percentile par nombre de réponses

% des personnes avec chaque résultat

Votre développement - résultats

Vous n’avez pas pris ce quiz depuis la dernière actualisation